Sportifs Français champions du monde, d'Europe ou JO (facile) - Statistiques

Statistiques générales
  • Ce quiz a été pris 569 fois
  • Le résultat moyen est 14 sur 20
Statistiques - réponses
Par images Réponse % Correct
Zinedine Zidane
99%
Tony Parker
98%
Teddy Riner
97%
Nikola Karabatic
92%
Kévin Mayer
89%
Martin Fourcade
89%
Michel Platini
89%
Sébastien Loeb
88%
Renaud Lavillenie
81%
Christophe Lemaitre
80%
Julian Alaphilippe
75%
Alain Prost
74%
Marie-José Perec
63%
Alain Bernard
58%
Bernard Hinault
53%
Laura Flessel
46%
Pauline Ferrand Prevot
44%
Jeannie Longo
43%
Gabriella Papadakis et Guillaume Cizeron
41%
Marcel Cerdan
30%
Aucun quiz correspondant
Distribution des résultats
% des personnes avec chaque résultat
Percentile par nombre de réponses
Votre historique - résultats
Vous n’avez pas pris ce quiz